Water supply and pollution control / (Record no. 97781)

MARC details
000 -LEADER
campo de control de longitud fija 01154cam a22003614a 4500
001 - NÚMERO DE CONTROL
campo de control 128651
003 - IDENTIFICADOR DE NÚMERO DE CONTROL
campo de control BJBSDDR
005 - FECHA Y HORA DE LA ÚLTIMA TRANSACCIÓN
campo de control 20230817110436.0
007 - CAMPO FIJO DE DESCRIPCIÓN FÍSICA--INFORMACIÓN GENERAL
campo de control de longitud fija ta
008 - DATOS DE LONGITUD FIJA--INFORMACIÓN GENERAL
campo de control de longitud fija 040318s2005 njuab b 001 0 eng
010 ## - NÚMERO DE CONTROL DE LA BIBLIOTECA DEL CONGRESO
Número de control de LC 2004045395
020 ## - NÚMERO INTERNACIONAL ESTÁNDAR DEL LIBRO
Número Internacional Estándar del Libro 0131409700
020 ## - NÚMERO INTERNACIONAL ESTÁNDAR DEL LIBRO
Número Internacional Estándar del Libro 9780131409705
040 ## - FUENTE DE CATALOGACIÓN
Lengua de catalogación eng
Centro/agencia transcriptor BJBSDDR
041 ## - CÓDIGO DE IDIOMA
Código de lengua del texto/banda sonora o título independiente eng
050 14 - SIGNATURA TOPOGRÁFICA DE LA BIBLIOTECA DEL CONGRESO
Número de clasificación TD 353
Número de ítem V665w 2005
100 1# - ENTRADA PRINCIPAL--NOMBRE DE PERSONA
Nombre de persona Viessman, Warren,
Fechas asociadas al nombre 1930-
9 (RLIN) 16604
245 10 - MENCIÓN DEL TÍTULO
Título Water supply and pollution control /
Mención de responsabilidad, etc. Warren Viessman, Jr., Mark J. Hammer.
250 ## - MENCION DE EDICION
Mención de edición 7th edition
260 ## - PUBLICACIÓN, DISTRIBUCIÓN, ETC.
Lugar de publicación, distribución, etc. Upper Saddle River, NJ :
Nombre del editor, distribuidor, etc. Pearson Prentice Hall,
Fecha de publicación, distribución, etc. c2005.
300 ## - DESCRIPCIÓN FÍSICA
Extensión xviii, 867 pages :
Otras características físicas illustrations, maps ;
Dimensiones 25 cm.
504 ## - NOTA DE BIBLIOGRAFÍA, ETC.
Nota de bibliografía, etc. Includes bibliographical references and index.
650 #0 - PUNTO DE ACCESO ADICIONAL DE MATERIA--TÉRMINO DE MATERIA
Término de materia o nombre geográfico como elemento de entrada Water-supply
Subdivisión general Management.
650 #4 - PUNTO DE ACCESO ADICIONAL DE MATERIA--TÉRMINO DE MATERIA
Término de materia o nombre geográfico como elemento de entrada Abastecimiento de agua
Subdivisión general Administración
9 (RLIN) 30992
650 #0 - PUNTO DE ACCESO ADICIONAL DE MATERIA--TÉRMINO DE MATERIA
Término de materia o nombre geográfico como elemento de entrada Water
Subdivisión general Purification.
650 #4 - PUNTO DE ACCESO ADICIONAL DE MATERIA--TÉRMINO DE MATERIA
Término de materia o nombre geográfico como elemento de entrada Purificación del agua
9 (RLIN) 30993
650 #0 - PUNTO DE ACCESO ADICIONAL DE MATERIA--TÉRMINO DE MATERIA
Término de materia o nombre geográfico como elemento de entrada Sewage
Subdivisión general Purification.
650 #4 - PUNTO DE ACCESO ADICIONAL DE MATERIA--TÉRMINO DE MATERIA
Término de materia o nombre geográfico como elemento de entrada Calidad del agua
9 (RLIN) 30994
650 #4 - PUNTO DE ACCESO ADICIONAL DE MATERIA--TÉRMINO DE MATERIA
Término de materia o nombre geográfico como elemento de entrada Purificación de aguas residuales
9 (RLIN) 30995
700 1# - ENTRADA AGREGADA--NOMBRE PERSONAL
Nombre de persona Hammer, Mark J.,
Fechas asociadas al nombre 1931-
9 (RLIN) 30997
942 ## - ELEMENTOS DE ENTRADA SECUNDARIOS (KOHA)
Fuente del sistema de clasificación o colocación Clasificación de Library of Congress
Tipo de ítem Koha Libro
946 ## - PROCESAMIENTO DE INFORMACIÓN LOCAL (OCLC)
a SH
Holdings
Estatus retirado Estado de pérdida Fuente del sistema de clasificación o colocación Estado de daño No para préstamo Colección Biblioteca de origen Biblioteca actual Ubicación en estantería Fecha de adquisición Signatura topográfica completa Código de barras Visto por última vez Copia número Tipo de ítem Koha
    Clasificación de Library of Congress     Humanidades Biblioteca Juan Bosch Biblioteca Juan Bosch Humanidades (4to. Piso) 10/04/2023 TD 353 V665w 2005 00000122240 21/01/2019 1 Libro